00836nam a22002417a 450000500170000001000130001702000220003003500130005203700170006504000120008208200150009410000290010924500830013826000650022127000420028630000280032850000200035665000220037665000310039894200240042999900190045395201220047220170124105933.0 aB-148187 c00.00a0070589127 aB-148187 bCen Lib/ Ret aDPLbEN a519.4bLIP aLipschutz, Seumour98936 aTheory and problems of essential computer mathematics /cby Seymour Lipschhutz aNew DelhibTata McGraw-Hill Publishing Company Limitedc2005 a7 West Patel NagarbNew Delhie110008 a357p. :c26cm(Hb)bill. aIncludes index. aMathematics98937 aComputer Mathematics98938 2ddccENh519.4mLIP c124022d124022 00104070aLbLd2015-06-13eCen Lib/Retg0.00l0o519.4 LIPpB-148187r2015-06-13 00:00:00t1v0.00w2015-06-13yEN